The sun also rises.
Sparad:
| Huvudupphovsman: | |
|---|---|
| Materialtyp: | Bok |
| Publicerad: |
New York, USA:
Charles Scribner's Sons,
1970.
|
| Serie: | The Scribner Library
|
| Ämnen: | |
| Taggar: |
Lägg till en tagg
Inga taggar, Lägg till första taggen!
|
MARC
| LEADER | 00000nam a2200000 a 4500 | ||
|---|---|---|---|
| 001 | UCR3382 | ||
| 003 | CL-VaPUC | ||
| 005 | 20230323163726.0 | ||
| 008 | 230317t1970 ||||| |||| 00| 0 eng d | ||
| 999 | |c 440198 |d 440196 | ||
| 020 | |a 0-684-71808-1 | ||
| 040 | |c Pontificia Universidad Católica de Valparaíso | ||
| 082 | 0 | 4 | |a 813 HEM 1970 |2 21 |
| 100 | 1 | |a Hemingway, Ernest |e author |9 582258 | |
| 245 | 1 | 4 | |a The sun also rises. |
| 260 | |a New York, USA: |b Charles Scribner's Sons, |c 1970. | ||
| 300 | |a 247 páginas. | ||
| 490 | 0 | |a The Scribner Library | |
| 500 | |a c.1 Donación Literatura. Memo 3/2023. Educación | ||
| 583 | |a last modification |c 19980124 00:00:00 |k Catalogador Asistente | ||
| 650 | 0 | |a Novelas estadounidenses |9 265217 | |
| 942 | |c BK |2 ddc | ||
| 952 | |0 0 |1 0 |2 ddc |4 0 |6 813_000000000000000_HEM_1970 |7 0 |8 A |9 589130 |a FDOPOS |b BIBEDU |d 2023-03-17 |e Donación |i 5656819 |l 2 |m 1 |o 813 HEM 1970 |p 5656819 |r 2024-04-17 |s 2024-04-17 |t 1 |w 2023-03-17 |y BK |k DLH | ||